00341nam a2200133Ia 4500008004100000100004100041245005300082250001200135260001500147300000900162650001200171942000700183999001700190190216s9999||||xx |||||||||||||| ||und|| aLouis A Pipes And Lawrence R Harvill 0aApplied Mathematics For Engineers And Physicists a1st Ed. bNullc1970 a1015 aPhysics cBK c32846d32846